000 01547nam a2200349 a 4500
001 ebr10302876
003 CaPaEBR
006 m u
007 cr cn|||||||||
008 090806s2005 dcua sb 000 0 eng d
040 _aCaPaEBR
_cCaPaEBR
035 _a(OCoLC)535146878
043 _ad------
050 1 4 _aHJ2351.4
_b.D36 2005eb
100 1 _aDanninger, Stephan.
245 1 4 _aThe political economy of revenue-forecasting experience from low-income countries
_h[electronic resource] /
_cprepared by Stephan Danninger, Marco Cangiano, and Annette Kyobe.
260 _aWashington, D.C. :
_bInternational Monetary Fund, Fiscal Affairs Dept.,
_c2005.
300 _a30 p. :
_bill.
490 1 _aIMF working paper ;
_vWP/05/2
500 _a"January 2005."
504 _aIncludes bibliographical references (p. 28-30).
533 _aElectronic reproduction.
_bPalo Alto, Calif. :
_cebrary,
_d2013.
_nAvailable via World Wide Web.
_nAccess may be limited to ebrary affiliated libraries.
650 0 _aTax revenue estimating
_zDeveloping countries
_xEconometric models.
650 0 _aTax revenue estimating
_xCorrupt practices
_zDeveloping countries.
655 7 _aElectronic books.
_2local
700 1 _aCangiano, M.
_q(Marco)
700 1 _aKyobe, Annette.
710 2 _aInternational Monetary Fund.
_bFiscal Affairs Dept.
710 2 _aebrary, Inc.
830 0 _aIMF working paper ;
_vWP/05/2.
856 4 0 _uhttp://site.ebrary.com/lib/rucke/Doc?id=10302876
_zAn electronic book accessible through the World Wide Web; click to view
999 _c69561
_d69561